Tarkan Şarkıları - Armageddon - Statistics

General Stats
  • This quiz has been taken 168 times
  • The average score is 8 of 17
Answers on the Grid
Answers color-coded by a green-red scale on the quiz's grid according to % correct below.
Şımarık
İsyankar
Serseri
Araba
Kedi Gibi
Salına Salına Sinsice
Mesafe
Dudu
Paramparça
Aya Benzer
Geççek
Aşk Kırıntıları
Jest Oldu
Şıkıdım
Pare Pare
Janti
Ay
Tesir Altında
Hüp
Kayıp
Kadere Bak
Ölürüm Sana
Gemiler
Acımayacak
Kuzu Kuzu
Dansöz
Harbi Güzel
Kış Güneşi
Bir Oluruz Yolunda
Mod
Sorma Kalbim
Pazara Kadar
Kara Toprak
 
Answer Stats
Answer % Correct
Şımarık
94%
Dudu
80%
Kuzu Kuzu
76%
Bir Oluruz Yolunda
64%
Geççek
64%
Şıkıdım
64%
Ölürüm Sana
55%
Kış Güneşi
52%
Hüp
51%
Acımayacak
44%
Kedi Gibi
37%
Salına Salına Sinsice
35%
Ay
27%
Pare Pare
25%
Sorma Kalbim
18%
Kayıp
16%
Kara Toprak
11%
No matching quizzes found
Score Distribution
Percent of People with Each Score
Percentile by Number Answered
Your Score History
You have not taken this quiz